Normal view
MARC view
- Vet
Entry Topical Term
001 - CONTROL NUMBER
- control field: 85951
003 - CONTROL NUMBER IDENTIFIER
- control field: OSt
005 - DATE AND TIME OF LATEST TRANSACTION
- control field: 20250121101319.0
008 - FIXED-LENGTH DATA ELEMENTS
- fixed length control field: 250121|| aca||aabn | a|a d
040 ## - CATALOGING SOURCE
- Original cataloging agency: OSt
- Transcribing agency: OSt
150 ## - HEADING--TOPICAL TERM
- Topical term or geographic name as entry element: Vet
670 ## - SOURCE DATA FOUND
- Source citation: Work cat.: (OSt)48213: George, Lucy M. 85950, Vet /, 2015